000 00449nam a2200145 4500
001 118112
003 ES-MaACL
007 t|
008 070214s1910 fr r ||||1| fre d
100 1 _aPelletan, A.
_990074
245 1 0 _aOptique appliquée
_b: calcul des lentilles employées dans les appareils de précision /
_cpar A. Pelletan.
260 _aParis :
_bCh. Béranger,
_c1910.
300 _a110 p. :
_bil ;
_c26 cm.
852 _aES-MaACL
_jB-4482
999 _c118112
_d118112